Etelä-Amerikan valtioiden liput kartalla - Statistics

Yleistilastot
  • Tätä visaa on pelattu 1 520 kertaa
  • Keskiarvotulos 8 / 12
Vastaukset kartalla
Vastauksille on annettu kartalla punavihreä väri sen mukaan, kuinka moni on saanut sen oikein.
 
Vastaustilastot
Vastaus % Oikein
98%
92%
87%
76%
70%
68%
63%
61%
60%
59%
57%
49%
Ehtoja vastaavia visoja ei löytynyt
Tulosjakauma
Jokaisen tuloksen saaneiden osuus
Persentiili vastausten määrän mukaan
Tuloshistoriasi
Et ole pelannut tätä visaa